[Event "Challenge"]
[Site "http://www.queenalice.com/game.php?id=559265"]
[Date "2009.3.21"]
[Round "-"]
[White "Tiresias"]
[Black "paddymalonespub"]
[Result "0-1"]
[WhiteElo "1621"]
[BlackElo "1642"]

1. e4 e5 2. Nf3 d6 3. Nc3 Be6 4. d4 exd4 5. Nxd4 Nf6 6. Bg5 Be7 7. Nxe6 fxe6 8.
Bxf6 Bxf6 9. Qd3 Nc6 10. Qb5 Rb8 11. O-O-O O-O 12. Bc4 Kh8 13. Bxe6 Nd4 14. Qd5
c6 15. Qc4 Qb6 16. Na4 Qb5 17. Qxb5 cxb5 18. Rxd4 Bxd4 19. Rd1 Bxf2 20. Nc3 Be3+
21. Kb1 b4 22. Nd5 Bc5 23. g4 g6 24. g5 Rf2 25. h3 Rbf8 26. Nf6 Bd4 27. Bc4 Bxf6
28. gxf6 R8xf6 29. b3 a6 30. Rd5 Rh2 31. e5 dxe5 32. Rxe5 Rxh3 33. Re8+ Kg7 34.
Rb8 b5 35. Bd5 Rc3 36. Re8 Rf2 37. Be4 Re3 38. Kc1 Re1+ 39. Kb2 Rff1 40. c3
bxc3+ 41. Kxc3 h5 42. Kb4 Rf4 43. Re7+ Kh6 0-1

[Event "Challenge"]
[Site "http://www.queenalice.com/game.php?id=559266"]
[Date "2009.3.21"]
[Round "-"]
[White "paddymalonespub"]
[Black "Tiresias"]
[Result "1-0"]
[WhiteElo "1657"]
[BlackElo "1526"]

1. d4 d5 2. Nc3 Nc6 3. Nf3 Nf6 4. e3 Bg4 5. Be2 Bxf3 6. Bxf3 e5 7. dxe5 Nxe5 8.
Bxd5 Nxd5 9. Nxd5 Bd6 10. O-O c6 11. Nc3 O-O 12. Ne4 Be7 13. Qxd8 Raxd8 14. b3
h6 15. Bb2 f6 16. h3 Nd7 17. Bd4 b6 18. a3 Nc5 19. Nxc5 Bxc5 20. Bxc5 bxc5 21.
b4 c4 22. Rad1 Rd5 23. Rxd5 cxd5 24. Rd1 Rd8 25. e4 d4 26. Kf1 d3 27. c3 Kf7 28.
f3 Ke6 29. Kf2 Ke5 30. Ke3 f5 31. exf5 Kxf5 32. g3 g5 33. g4+ Ke5 34. a4 a6 35.
b5 a5 36. b6 Rd7 37. Rb1 d2 38. Ke2 d1=Q+ 39. Rxd1 Rb7 40. Rb1 Kd5 41. Rb5+ Kc6
42. Ke3 Rxb6 43. Rxb6+ Kxb6 44. Kd4 1-0

[Event "Challenge"]
[Site "http://www.queenalice.com/game.php?id=559367"]
[Date "2009.3.21"]
[Round "-"]
[White "Gadou"]
[Black "Tiresias"]
[Result "0-1"]
[WhiteElo "1317"]
[BlackElo "1500"]

1. e4 e5 2. Qh5 Nc6 3. Bc4 g6 4. Qf3 Nf6 5. Nh3 d6 6. d3 Nd4 7. Qe3 Nxc2+ 8. Kd2
Nxe3 9. fxe3 d5 10. Bb5+ c6 11. Ba4 dxe4 12. Bb3 Qxd3+ 13. Ke1 Bb4+ 14. Bd2
Bxd2+ 15. Nxd2 Qxe3+ 16. Kd1 Bg4+ 17. Kc2 Rd8 18. Rhe1 Qxd2+ 19. Kb1 Qxe1+ 20.
Kc2 Bd1+ 21. Rxd1 Qxd1+ 22. Kc3 Qe1+ 23. Kc2 e3 24. Ng5 Rd2+ 25. Kc3 Rxg2+ 0-1

[Event "Challenge"]
[Site "http://www.queenalice.com/game.php?id=559370"]
[Date "2009.3.21"]
[Round "-"]
[White "Tiresias"]
[Black "Nica_Pinica"]
[Result "0-1"]
[WhiteElo "1438"]
[BlackElo "1277"]

1. e4 e5 2. Nf3 c6 3. d4 d6 4. dxe5 d5 5. exd5 cxd5 6. Nc3 Bb4 7. Bd2 Ne7 8. a3
Bc5 9. Bg5 O-O 10. Bxe7 Qxe7 11. Nxd5 Qe6 12. Nc7 Qg4 13. Nxa8 Qe4+ 14. Qe2 Qa4
15. b3 Qe8 16. b4 Bb6 17. Nxb6 axb6 18. Qd3 Nc6 19. Rd1 Be6 20. b5 Na5 21. Be2
Qe7 22. h3 Qc7 23. Qd4 Qxc2 0-1

[Event "Challenge"]
[Site "http://www.queenalice.com/game.php?id=559371"]
[Date "2009.3.21"]
[Round "-"]
[White "Nica_Pinica"]
[Black "Tiresias"]
[Result "1-0"]
[WhiteElo "1299"]
[BlackElo "1391"]

1. d4 d5 2. Nc3 Nf6 3. Be3 e6 4. Na4 Qd7 5. b3 Qc6 6. Qd3 Ne4 7. Nf3 Bb4+ 8. Kd1
Nc3+ 9. Ke1 Nxa4+ 10. c3 Bxc3+ 11. Bd2 Bxa1 12. Ne5 Nb2 13. Qb1 Qd6 14. Qxa1 f6
15. Ng4 f5 16. Ne3 f4 17. Ng4 Qa3 18. Bc1 Qb4+ 19. Bd2 Qxd4 20. Qc1 h5 21. Qxc7
O-O 22. Nf6+ Qxf6 23. Bb4 Nc6 24. e3 1-0

[Event "Challenge"]
[Site "http://www.queenalice.com/game.php?id=559374"]
[Date "2009.3.21"]
[Round "-"]
[White "Tiresias"]
[Black "duchray"]
[Result "1-0"]
[WhiteElo "1609"]
[BlackElo "1245"]

1. e4 e5 2. Nf3 f6 3. Nc3 c6 4. d4 d5 5. dxe5 fxe5 6. Nxe5 Qe7 7. Qh5+ g6 8. Qg5
Nf6 9. Bd2 d4 10. Ne2 Qd6 11. h3 Na6 12. a3 Be7 13. Nd3 Nxe4 14. Qf4 Bf5 15.
Qxd6 Bxd6 16. Nxd4 O-O-O 17. Nxf5 gxf5 18. O-O-O Kc7 19. Nf4 Nxf2 20. Ne6+ Kd7
21. Nxd8 Nxh1 22. Nf7 Nf2 23. Nxh8 Nxd1 24. Kxd1 Be5 25. Bxa6 bxa6 26. Nf7 Bxb2
27. a4 h6 28. Nxh6 Kd6 29. Nxf5+ Kc5 30. Ne7 Kd6 31. Bb4+ c5 32. Nc8+ Kd5 33.
Ba5 c4 34. c3 Ke4 35. Kc2 Ba3 36. Bb4 Bxb4 37. cxb4 Kd4 38. h4 c3 39. h5 Kc4 40.
h6 Kxb4 41. h7 a5 42. h8=Q Kxa4 43. Qxc3 a6 44. Qb3# 1-0

[Event "Challenge"]
[Site "http://www.queenalice.com/game.php?id=559877"]
[Date "2009.3.22"]
[Round "-"]
[White "Tiresias"]
[Black "Fernando_cun"]
[Result "1/2-1/2"]
[WhiteElo "1323"]
[BlackElo "1633"]

1. d4 d5 2. Nc3 e6 3. Nf3 h6 4. e3 Bb4 5. Bd2 Nf6 6. a3 Bxc3 7. Bxc3 Ne4 8. Ne5
Nc6 9. Nxc6 bxc6 10. Bb4 Nd6 11. Bxd6 Qxd6 12. b4 e5 13. Be2 exd4 14. Qxd4 Qg6
15. Qe5+ Be6 16. O-O O-O 17. Bh5 Qg5 18. Qxg5 hxg5 19. h3 g6 20. Bg4 Bxg4 21.
hxg4 f5 22. gxf5 gxf5 23. f3 a5 24. c3 axb4 25. cxb4 f4 26. Rfe1 fxe3 27. Rxe3
Rfe8 28. Kf2 Rf8 29. Re5 g4 30. Rg5+ Kf7 31. Rxg4 Rfe8 32. Rf4+ Ke7 33. Re1+ Kd7
34. Rxe8 Rxe8 35. a4 Kd6 36. Rf6+ Kd7 37. Rf7+ Kd8 38. a5 Kc8 39. a6 Kb8 40. g4
d4 41. Rd7 Ka7 1/2-1/2

[Event "AUTO-INT-1259"]
[Site "http://www.queenalice.com/game.php?id=565931"]
[Date "2009.4.3"]
[Round "1"]
[White "Tiresias"]
[Black "niclep"]
[Result "1/2-1/2"]
[WhiteElo "1464"]
[BlackElo "1672"]

1. e4 e5 2. Nf3 Nc6 3. Bb5 Nge7 4. Bxc6 Nxc6 5. d4 d6 6. O-O Be7 7. dxe5 dxe5 8.
Qxd8+ Bxd8 9. b3 O-O 10. Nc3 Nb4 11. Ba3 Nxc2 12. Bxf8 Nxa1 13. Bxg7 Nxb3 14.
Bxe5 Nc5 15. Rd1 Be6 16. Nd5 Nxe4 17. Ne3 Bxa2 18. Rd4 Ng5 19. Nxg5 Bxg5 20. Rg4
h6 21. Nf5 Be6 22. Nxh6+ Kh7 23. Rxg5 Kxh6 24. Rg3 Rd8 25. f3 c5 26. f4 b5 27.
h4 c4 28. Rg5 b4 29. f5 Bd5 30. Bg7+ Kh7 31. Kf1 c3 32. f6 Bc4+ 33. Kf2 c2 34.
Rh5+ Kg6 35. Rg5+ Kh7 36. Rh5+ Kg6 37. Rg5+ Kh7 1/2-1/2

[Event "AUTO-INT-1259"]
[Site "http://www.queenalice.com/game.php?id=565932"]
[Date "2009.4.3"]
[Round "1"]
[White "niclep"]
[Black "Tiresias"]
[Result "1-0"]
[WhiteElo "1672"]
[BlackElo "1470"]

1. e4 e5 2. Nf3 d6 3. Bc4 Bg4 4. h3 Bxf3 5. Qxf3 Qf6 6. Qxf6 Nxf6 7. d3 Nbd7 8.
b4 d5 9. Bxd5 Nxd5 10. exd5 Bxb4+ 11. c3 Bd6 12. c4 Bb4+ 13. Bd2 Bxd2+ 14. Nxd2
O-O-O 15. O-O Nc5 16. Nf3 Nxd3 17. Rfd1 Nf4 18. Nxe5 Rhf8 19. a4 Rde8 20. Re1 f6
21. Nf3 Nd3 22. Rxe8+ Rxe8 23. Ra2 Nc5 24. Nd4 Re4 25. Nf5 Rxc4 26. Nxg7 Nxa4
27. g4 Rc1+ 28. Kg2 b5 29. Ne8 Nc3 30. Rd2 Ne4 31. Rd4 Re1 32. f4 Kd8 33. d6
Nxd6 34. Nxd6 cxd6 35. Rxd6+ Ke7 36. Ra6 Re6 37. Rxa7+ Kd6 38. Ra6+ Ke7 39. Ra7+
Kf8 40. Rxh7 Re7 41. Rh8+ Kf7 42. Rb8 Re2+ 43. Kf3 Rb2 44. Rb6 b4 45. h4 Rb3+
46. Ke4 Rb2 47. Kd4 b3 48. g5 Rb1 49. Rxf6+ Kg7 50. Rb6 b2 51. Kc3 Kf7 52. h5
Rh1 53. Rxb2 Rxh5 54. Kd4 Kg6 55. Ke5 Rh3 56. Rb6+ Kh5 57. Rh6+ Kg4 58. Rxh3
Kxh3 59. g6 1-0

[Event "AUTO-INT-1259"]
[Site "http://www.queenalice.com/game.php?id=565933"]
[Date "2009.4.3"]
[Round "1"]
[White "Tiresias"]
[Black "fabke007"]
[Result "0-1"]
[WhiteElo "1323"]
[BlackElo "1832"]

1. e4 c5 2. Nc3 g6 3. Nf3 Bg7 4. d4 cxd4 5. Nxd4 Nc6 6. Be3 Nf6 7. Nxc6 bxc6 8.
Bd4 d6 9. h3 O-O 10. Be2 e5 11. Be3 d5 12. exd5 cxd5 13. Bg5 Be6 14. Qd2 Qa5 15.
Bxf6 Bxf6 0-1

[Event "AUTO-INT-1259"]
[Site "http://www.queenalice.com/game.php?id=565934"]
[Date "2009.4.3"]
[Round "1"]
[White "fabke007"]
[Black "Tiresias"]
[Result "1-0"]
[WhiteElo "1832"]
[BlackElo "1353"]

1. e4 e5 2. Nf3 Nc6 3. Bc4 Nf6 4. d3 Bc5 5. c3 h6 6. b4 Be7 7. a4 a6 8. Qb3 Rf8
9. Bb2 d6 10. Nbd2 Bg4 11. a5 Bxf3 12. Nxf3 Qd7 13. O-O Nd8 14. Rfe1 c6 15. d4
1-0

[Event "AUTO-ADV-1276"]
[Site "http://www.queenalice.com/game.php?id=565962"]
[Date "2009.4.3"]
[Round "1"]
[White "Pimenta"]
[Black "Tiresias"]
[Result "1-0"]
[WhiteElo "1716"]
[BlackElo "1323"]

1. d4 d5 2. c4 Nf6 3. Nc3 Nc6 4. Nf3 e5 5. e3 Bg4 6. cxd5 Bxf3 7. Qxf3 e4 8. Qf5
Ne7 9. Nxe4 Nxe4 10. Qxe4 Qxd5 11. Qg4 Nc6 12. a3 a5 13. b3 Qxb3 14. Qe4+ Be7
15. Rb1 Qc3+ 16. Bd2 Qxa3 17. Bd3 O-O-O 18. O-O g6 19. Ba6 Kd7 20. Bxb7 Bd6 21.
Qxc6+ Ke7 22. Qe4+ 1-0

[Event "AUTO-ADV-1276"]
[Site "http://www.queenalice.com/game.php?id=565963"]
[Date "2009.4.3"]
[Round "1"]
[White "Tiresias"]
[Black "Pimenta"]
[Result "0-1"]
[WhiteElo "1490"]
[BlackElo "1709"]

1. e4 Nf6 2. Nc3 e5 3. d3 Bb4 4. Ne2 d5 5. Bg5 d4 6. Bxf6 Qxf6 7. f3 dxc3 8.
bxc3 Bc5 9. d4 Bb6 10. g4 Qxf3 11. Rg1 Nc6 12. Rg3 Qxe4 13. Bg2 Qg6 14. h3 O-O
15. Re3 Qg5 16. Qd2 Qh4+ 17. Rg3 Re8 18. Bxc6 bxc6 19. Qd3 exd4 20. cxd4 Ba6 21.
Qxa6 Qxg3+ 0-1

[Event "AUTO-ADV-1276"]
[Site "http://www.queenalice.com/game.php?id=565976"]
[Date "2009.4.3"]
[Round "1"]
[White "Tiresias"]
[Black "DORLISS"]
[Result "0-1"]
[WhiteElo "1467"]
[BlackElo "1846"]

1. e4 e5 2. Nf3 Nc6 3. d4 Nxd4 4. Nxd4 exd4 5. Qxd4 Ne7 6. Bg5 f6 7. Bxf6 gxf6
8. Qxf6 d6 9. Qxh8 Be6 10. b3 Qd7 11. Qxh7 O-O-O 12. Qh8 d5 13. e5 Nc6 14. Bb5
Bb4+ 15. c3 Rxh8 16. cxb4 d4 17. Nd2 Qd5 18. Bxc6 Qxc6 19. f3 Qc2 20. h3 d3 21.
f4 Bd5 22. Rh2 Be4 23. g3 Qb2 24. Rd1 Qd4 25. Nxe4 Qxe4+ 26. Kd2 Qxb4+ 27. Kxd3
Rd8+ 28. Kc2 Rxd1 0-1

[Event "AUTO-ADV-1276"]
[Site "http://www.queenalice.com/game.php?id=565977"]
[Date "2009.4.3"]
[Round "1"]
[White "DORLISS"]
[Black "Tiresias"]
[Result "1-0"]
[WhiteElo "1844"]
[BlackElo "1472"]

1. e4 e5 2. Nf3 Nc6 3. Bb5 Qf6 4. O-O Bd6 5. Nc3 a6 6. Nd5 Qg6 7. Nxc7+ Bxc7 8.
Ba4 Qxe4 9. Bb3 Nf6 10. Re1 Qf4 11. d4 Qf5 12. d5 Nb4 13. d6 Ba5 14. Rxe5+ Qxe5
15. Nxe5 Nbd5 16. Bxd5 Rb8 17. Bxf7+ Kf8 18. Bb3 Bd8 19. Bg5 h6 20. Bxf6 Bxf6
21. Ng6+ Ke8 22. Qh5 Rh7 23. Nf8+ Kd8 24. Nxh7 Bxb2 25. Re1 1-0

[Event "AUTO-ADV-1276"]
[Site "http://www.queenalice.com/game.php?id=565978"]
[Date "2009.4.3"]
[Round "1"]
[White "Tiresias"]
[Black "MsDayton"]
[Result "0-1"]
[WhiteElo "1323"]
[BlackElo "1795"]

1. e4 e6 2. Nf3 c5 3. d4 cxd4 4. Nxd4 Nc6 5. Nxc6 bxc6 6. Bd3 Be7 7. a3 Nf6 8.
h3 d5 9. f3 Nh5 10. f4 Ng3 11. Rg1 dxe4 12. Bxe4 Qxd1+ 13. Kxd1 Nxe4 14. Be3 O-O
15. Nd2 Nxd2 16. Bxd2 Ba6 17. Re1 Rfd8 18. c3 Bc4 0-1

[Event "AUTO-ADV-1276"]
[Site "http://www.queenalice.com/game.php?id=565979"]
[Date "2009.4.3"]
[Round "1"]
[White "MsDayton"]
[Black "Tiresias"]
[Result "1-0"]
[WhiteElo "1797"]
[BlackElo "1323"]

1. d4 d5 2. c4 dxc4 3. Nc3 c5 4. d5 Nf6 5. e4 Bg4 6. f3 Bd7 7. Bxc4 b5 8. Nxb5
a6 9. Nc3 Qa5 10. Bd2 Qc7 11. Nge2 g6 12. O-O e6 13. Bg5 Nh5 14. dxe6 fxe6 15.
Qb3 Ng7 16. Bf6 Qc6 17. Nf4 Rg8 18. Rad1 Kf7 19. Be5 1-0

[Event "Challenge"]
[Site "http://www.queenalice.com/game.php?id=567088"]
[Date "2009.4.5"]
[Round "-"]
[White "Tiresias"]
[Black "paddymalonespub"]
[Result "0-1"]
[WhiteElo "1450"]
[BlackElo "1714"]

1. e4 e5 2. Nf3 d6 3. d4 exd4 4. Nxd4 Nf6 5. Nc3 Be6 6. Nxe6 fxe6 7. Bg5 Be7 8.
Bxf6 Bxf6 9. Qf3 O-O 10. Be2 Nc6 11. Qd3 Nb4 12. Qd2 Bg5 13. Qd1 Qf6 14. f3 Rad8
15. O-O Be3+ 16. Kh1 Bf4 17. a3 Qh6 18. h3 Nc6 19. Rg1 Qh4 20. Qe1 Bg3 21. Qd1
Bf2 22. g3 Qxh3# 0-1

[Event "Challenge"]
[Site "http://www.queenalice.com/game.php?id=567089"]
[Date "2009.4.5"]
[Round "-"]
[White "paddymalonespub"]
[Black "Tiresias"]
[Result "1-0"]
[WhiteElo "1719"]
[BlackElo "1323"]

1. e4 e5 2. Nf3 Nc6 3. d4 Qf6 4. d5 Nd4 5. Be3 Nxf3+ 6. Qxf3 Qxf3 7. gxf3 d6 8.
Bb5+ Bd7 9. Bxd7+ Kxd7 10. Nc3 b6 11. O-O-O Re8 12. f4 Kc8 13. fxe5 Rxe5 14. f3
Re8 15. Nb5 Kb7 16. Bd4 Nf6 17. Rhg1 Be7 18. Rxg7 Ref8 19. Rgg1 c5 20. dxc6+
Kxc6 21. Nxa7+ Kb7 22. Nb5 Kc6 23. Nc3 Nd7 24. Bxh8 1-0